Statistics for Every Minecraft Block & Item by Version (1.19)

Click here to take the quiz!

General Stats

  • This quiz has been taken 15 times
  • The average score is 23 of 50

Answer Stats

Block or Item% Correct
Sculk
86%
Mud
71%
Sculk Catalyst
71%
Allay Spawn Egg
57%
Bucket of Tadpole
57%
Frogspawn
57%
Frog Spawn Egg
57%
Mangrove Fence
57%
Mangrove Fence Gate
57%
Mangrove Leaves
57%
Mangrove Log
57%
Mangrove Roots
57%
Mangrove Slab
57%
Mangrove Stairs
57%
Mangrove Wood
57%
Sculk Shrieker
57%
Tadpole Spawn Egg
57%
Warden Spawn Egg
57%
Acacia Boat with Chest
43%
Birch Boat with Chest
43%
Dark Oak Boat with Chest
43%
Disc Fragment
43%
Jungle Boat with Chest
43%
Mangrove Boat
43%
Mangrove Boat with Chest
43%
Mangrove Button
43%
Mangrove Door
43%
Mangrove Planks
43%
Mangrove Pressure Plate
43%
Mangrove Propagule
43%
Mangrove Trapdoor
43%
Mud Bricks
43%
Mud Brick Slab
43%
Mud Brick Stairs
43%
Mud Brick Wall
43%
Muddy Mangrove Roots
43%
Oak Boat with Chest
43%
Pearlescent Froglight
43%
Reinforced Deepslate
43%
Sculk Vein
43%
Spruce Boat with Chest
43%
Stripped Mangrove Log
43%
Stripped Mangrove Wood
43%
Disc 5
29%
Echo Shard
29%
Mangrove Sign
29%
Packed Mud
29%
Recovery Compass
29%
Verdant Froglight
29%
Ochre Froglight
14%

Score Distribution

Percentile by Number Answered

Percent of People with Each Score

Your Score History

You have not taken this quiz